00567 2200193 4500001002100000005001500021035002000036007000300056008003900059082000800098084001400106100001800120245008900138260005600227300004100283650001100324600002400335022001400359INLIS00000000000124120250318095123 a0010-0325000003ta250318 | | |  a630 a630 XIA a0 aXiaoyan Zhang1 aAcceptance of new agricultural technology among small rural farmers /cXiaoyan Zhang aUnited Kingdom, London :bPalgrave Macmillan,c2024 a1-18 hlm, :bIlus ;c21 cm x 29,7 cm 4aJurnal 4ateknologi pertanian a2662-9992